|
|
|
|
| LEADER |
00000cam a2200000 7i4500 |
| 001 |
0000019579 |
| 005 |
20081202.0 |
| 008 |
080618 |
| 020 |
|
|
|a 9836222820
|
| 090 |
0 |
0 |
|a 499.23321
|b KAM
|
| 245 |
1 |
2 |
|a An English-Malay Dictionary = Kamus Dewan Inggeris Melayu
|c editors Dzulkifli Salleh...[et al]
|
| 246 |
1 |
|
|a Kamus Dewan Inggeris Melayu
|
| 260 |
|
|
|a Kuala Lumpur,Malaysia :
|b Dewan Bahasa dan Pustaka ,
|c 2002
|
| 650 |
|
0 |
|a English language
|x Dictionaries
|x Malay
|
| 700 |
1 |
|
|a Dzulkifli Salleh, Ed.
|
| 700 |
1 |
|
|a Gorton, Bettina, Ed.
|
| 999 |
|
|
|a 0001023965
|b Book
|c REFERENCE
|e Perbadanan Perpustakaan Awam Johor
|